000
00510nam a2200181Ia 4500
008
090123s9999 xx 000 0 und d
082
_b
628
100
_a
मिरासदार द.मा.
245
_a
हुबेहुब
250
_a
1
260
_b
कुलकर्णी अ.अ.
300
_a
137
600
_a
मिरासदार द.मा.
630
_a
हुबेहुब
700
_a
मिरासदार द.मा.
730
_a
हुबेहुब
942
_c
BOOK
999
_c
38715
_d
38715